01400nam a2200409 i 450000100060000000300080000600500170001400600190003100700150005000800410006502000270010603500230013303500240015603500250018003500220020504000310022705000220025808000100028008200160029010000390030624500760034526400370042130000400045833600310049833700330052933800430056249000300060550000220063558801270065765000240078465000290080865000160083765000170085365500270087083000310089785600620092893106FlNmELB20241217172154.0m o d | cr cnu||||||||171107s2017 sp o 001 0 spa d a9781512945188 (e-book) a(MiAaPQ)EBC5045255 a(Au-PeEL)EBL5045255 a(CaPaEBR)ebr11440057 a(OCoLC)1105545893 aFINmELBbspaerdacFINmELB 4aHF5485bH558 2017 a658.80 a658.7852231 aHernández Barrueco, Luis Carlos.10aTécnicas operativas en almacén /cLuis Carlos Hernández Barrueco. 1aBarcelona :bMarge Books,c2017. a1 recurso en línea (59 páginas) atextobtxt2rdacontent/spa acomputadorabc2rdamedia/spa arecurso en líneabcr2rdacarrier/spa1 aBiblioteca de logística aIncluye índice. aDescripción basada en recurso en línea; Título de la página del título en PDF (e-libro, visto November 7, 2017). 0aBusiness logistics. 4aLogística empresarial. 0aWarehouses. 4aDepósitos. 4aLibros electrónicos. 0aBiblioteca de logística.40uhttps://elibro.net/ereader/politecnicointernacional/36705